Nippon 1995 : Business facts & figure

שמור ב:
מידע ביבליוגרפי
פורמט: ספר
שפה:Undetermined
יצא לאור: Japan JETRO 1995
נושאים:
תגים: הוספת תג
אין תגיות, היה/י הראשונ/ה לתייג את הרשומה!
Thư viện lưu trữ: Trung tâm Học liệu Trường Đại học Cần Thơ
LEADER 00465nam a2200193Ia 4500
001 CTU_105540
008 210402s9999 xx 000 0 und d
082 |a 338 
082 |b N719/1995 
245 0 |a Nippon 1995 : 
245 0 |b Business facts & figure 
260 |a Japan 
260 |b JETRO 
260 |c 1995 
650 |a Industries 
650 |x Statistics 
650 |z Japan 
904 |i M.Loan 
980 |a Trung tâm Học liệu Trường Đại học Cần Thơ